000 00251nam a22001217a 4500
082 _a894.812.1
_bBAL/C
245 _aCLASSICA MUSIC
260 _aANNAMANADA
_bPRANAVAM BOOKS
_c2011
300 _a124
520 _aPOETRY
650 _aPOETRY
942 _cBK
999 _c4143
_d4143